Handbook of technical writing / (Record no. 592303)
[ view plain ]
| 000 -LEADER | |
|---|---|
| fixed length control field | 01465cam a22003374a 4500 |
| 001 - CONTROL NUMBER | |
| control field | 15116503 |
| 003 - CONTROL NUMBER IDENTIFIER | |
| control field | NUST |
| 005 - DATE AND TIME OF LATEST TRANSACTION | |
| control field | 20221115112520.0 |
| 008 - FIXED-LENGTH DATA ELEMENTS--GENERAL INFORMATION | |
| fixed length control field | 071217s2009 mauab f 001 0 eng |
| 010 ## - LIBRARY OF CONGRESS CONTROL NUMBER | |
| LC control number | 2007943428 |
| 020 ## - INTERNATIONAL STANDARD BOOK NUMBER | |
| International Standard Book Number | 9780312477073 |
| 020 ## - INTERNATIONAL STANDARD BOOK NUMBER | |
| International Standard Book Number | 0312477074 |
| 040 ## - CATALOGING SOURCE | |
| Original cataloging agency | DLC |
| Transcribing agency | DLC |
| Modifying agency | DLC |
| 050 00 - LIBRARY OF CONGRESS CALL NUMBER | |
| Classification number | T11 |
| Item number | .B78 2009 |
| 082 ## - DEWEY DECIMAL CLASSIFICATION NUMBER | |
| Classification number | 808.0666, ALR |
| 100 1# - MAIN ENTRY--PERSONAL NAME | |
| Personal name | Alred, Gerald J. |
| 9 (RLIN) | 102607 |
| 245 10 - TITLE STATEMENT | |
| Title | Handbook of technical writing / |
| Statement of responsibility, etc. | Gerald J. Alred, Charles T. Brusaw, Walter E. Oliu. |
| 250 ## - EDITION STATEMENT | |
| Edition statement | 9th ed. |
| 260 ## - PUBLICATION, DISTRIBUTION, ETC. | |
| Place of publication, distribution, etc. | Boston : |
| Name of publisher, distributor, etc. | Bedford/St. Martins, |
| Date of publication, distribution, etc. | c2009. |
| 300 ## - PHYSICAL DESCRIPTION | |
| Extent | xxii, 628 p. : |
| Other physical details | ill., map ; |
| Dimensions | 21 cm. |
| 505 ## - FORMATTED CONTENTS NOTE | |
| Formatted contents note | Five Steps to Successful Writing (Page-xv), Check list of the writing Process (Page-xxiii), Handbook of Technical Writing: Alphabetical Entries (Page-1-576). |
| 650 #0 - SUBJECT ADDED ENTRY--TOPICAL TERM | |
| Topical term or geographic name entry element | Technical writing |
| Form subdivision | Handbooks, manuals, etc. |
| 9 (RLIN) | 7402 |
| 700 1# - ADDED ENTRY--PERSONAL NAME | |
| Personal name | Brusaw, Charles T. |
| 9 (RLIN) | 102608 |
| 700 1# - ADDED ENTRY--PERSONAL NAME | |
| Personal name | Oliu, Walter E. |
| 9 (RLIN) | 102609 |
| 856 42 - ELECTRONIC LOCATION AND ACCESS | |
| Materials specified | Contributor biographical information |
| Uniform Resource Identifier | <a href="http://www.loc.gov/catdir/enhancements/fy1010/2007943428-b.html">http://www.loc.gov/catdir/enhancements/fy1010/2007943428-b.html</a> |
| 856 42 - ELECTRONIC LOCATION AND ACCESS | |
| Materials specified | Publisher description |
| Uniform Resource Identifier | <a href="http://www.loc.gov/catdir/enhancements/fy1010/2007943428-d.html">http://www.loc.gov/catdir/enhancements/fy1010/2007943428-d.html</a> |
| 906 ## - LOCAL DATA ELEMENT F, LDF (RLIN) | |
| a | 7 |
| b | cbc |
| c | origcop |
| d | 2 |
| e | epcn |
| f | 20 |
| g | y-gencatlg |
| 942 ## - ADDED ENTRY ELEMENTS (KOHA) | |
| Source of classification or shelving scheme | |
| Koha item type | Book |
| Withdrawn status | Lost status | Source of classification or shelving scheme | Damaged status | Not for loan | Permanent Location | Current Location | Shelving location | Date acquired | Full call number | Barcode | Date last seen | Price effective from | Koha item type | Public note |
|---|---|---|---|---|---|---|---|---|---|---|---|---|---|---|
| Military College of Signals (MCS) | Military College of Signals (MCS) | Reference | 11/15/2022 | 808.0666,ALR | MCS38312 | 06/12/2023 | 11/15/2022 | Reference | Almirah Fresh No.45, Shelf No.6 | |||||
| Military College of Signals (MCS) | Military College of Signals (MCS) | General Stacks | 03/31/2023 | 808.0666, ALR | MCS38313 | 03/31/2023 | 03/31/2023 | Book |
